Guess the CBB player by picture - Statistics

General Stats
  • This quiz has been taken 13 times
  • The average score is 3 of 16
Answer Stats
Picture Answer % Correct
Henri Veesaar
55%
Tre Donaldson
45%
Connor Essegian
36%
Jaxon Kohler
36%
Chendall Weaver
27%
Devin Askew
27%
Milos Uzan
27%
Collin Chandler
18%
Dra Gibbs Lawhorn
18%
Trey Mckenney
18%
Ryan Conwell
9%
Kaden Magwood
0%
Malik Dia
0%
Riley Kugel
0%
Skyy Clark
0%
Vyctorius Miller
0%
No matching quizzes found
Score Distribution
Percent of People with Each Score
Percentile by Number Answered
Your Score History
You have not taken this quiz